000 00723nam a2200253Ia 4500
003 OSt
005 20220925224458.0
006 a|||||r|||| 00| 0
007 ta
008 220923b |||||||| |||| 00| 0 eng d
037 _cGeneral Book
040 _aRTL
_cRTL
_beng
041 _2eng
_aeng
082 _aTv3.M, J1
100 _aHans Nicholas
245 0 _aNew trends in education in the Eighteenth century
260 _aLondon
_bRoutledge & Kegan Paul U K
_c1951
300 _a261p.
_ccm.
490 _aInternational Library Of Sociology And Social Reconstruction
500 _aBib p. 252
650 _aEducation
942 _hTv3.M, J1
_cGB
_2CC
999 _c581554
_d581554